[Event "Turnier 40 / 120"]
[Site "Wien"]
[Date "2023.??.??"]
[Round "9"]
[White "Tasc R40 V2.50 Phoenix"]
[Black "ChessGenius Exclusive 300 MHz"]
[Result "0-1"]
[WhiteElo "2401"]
[BlackElo "2405"]
[Annotator "Christian"]
[PlyCount "124"]
[EventDate "2023.??.??"]

{[%evp 0,124,23,-18,-26,-13,-26,-19,-9,-26,-23,-10,4,-2,8,-31,-27,-19,-12,-10,-2,-4,3,6,-35,-23,-18,-22,-21,-23,0,-18,-16,-37,-38,-55,-41,-35,-31,-36,0,-11,-28,-23,-27,-3,-26,-33,-45,-41,-38,-61,-47,-54,-24,-28,-4,-20,-17,63,39,11,196,52,44,31,35,35,35,35,2,5,13,9,15,12,20,-12,-7,-60,-65,-69,-82,-113,-138,-149,-140,-136,-60,-188,-227,-232,-240,-252,-177,-234,-258,-263,-225,-213,-216,-228,-211,-245,-231,-245,-244,-242,-242,-245,-231,-231,-290,-301,-311,-259,-271,-275,-284,-290,-282,-279,-279,-292,-292,-297,-293]} 1. b3 e5 {Runde 9: Nimzowitsch-Larsen-Angriff / Diese Partie ist aus Sicht des Tasc R40 V 2.5 ein Drama, er spielt anfangs ein wirklich perfektes Mittelspiel in dem er zielsicher meist sogar den bestmöglichen Zug spielt, bis er schliesslich eine klare Gewinnstellung erreicht, die Komodo bereits mit +5,00 bewertet. In weiterer Folge verschenkt er dann mit einem einzigen Zug den gesamten Vorteil und die Partie ist auf Remiskurs, aber leider war es das noch nicht, er verspielt letztlich dann auch noch das Remis und kassiert hier eine der wohl unnötigsten Niederlagen überhaupt. MCGE gewinnt damit mit kräftiger Hilfe seines Gegners die 1. Staffel nach einer ganz schwachen Leistung in dieser Partie eigentlich unverdient, aber das gehört eben auch dazu bei unseren Oldies. Stand: 5,5 : 3,5 für MCGE 300 MHZ (61,11 %)} 2. Bb2 Nc6 (2... d6 3. e4 Nf6 4. Nc3 Nc6 5. Nf3 Be7 6. Bb5 Bg4 7. h3 Bh5 8. g4 Bg6 9. Qe2 O-O 10. Bxc6 bxc6 11. O-O-O Qd7 12. d4 exd4 13. Rxd4 c5 14. Ra4 c6 15. Rd1 Rfb8 16. e5 Nd5 17. Nxd5 cxd5 18. Rxd5 Qc6 19. Qc4 Rd8 20. Ra6 Qb7 21. exd6 Bxd6 22. Raxd6 Rxd6 23. Rxd6 Qxf3 24. Qxc5 Re8 25. Qc3 Qf4+ 26. Kb1 f6 27. Rd7 Re2 28. Rd8+ Kf7 29. Qa5 Bxc2+ 30. Ka1 Qf3 31. Qh5+ Bg6 32. Qc5 Re8 33. Qxa7+ Kg8 34. Qc7 Qxh3 35. Qc4+ Kh8 36. Rxe8+ Bxe8 37. a4 Qh1+ 38. Ka2 h6 39. a5 Qe1 40. Qc7 Qe6 41. Qb8 Kh7 42. Qb4 Qe2 43. Ka3 Qxf2 44. a6 Qa7 45. Qc4 Qd7 46. Bc3 Qe7+ 47. b4 Qe3 48. b5 Bxb5 49. Qxb5 Qxc3+ 50. Ka4 Qa1+ 51. Kb4 Qe1+ 52. Kc5 Qe5+ 53. Kb6 Qb8+ 54. Ka5 Qd8+ 55. Kb4 Qd6+ 56. Kc3 Qc7+ 57. Kb2 Qh2+ 58. Ka1 Qc7 59. Qb7 Qc3+ 60. Kb1 Qd3+ 61. Kb2 Qd4+ 62. Kb3 Qd3+ 63. Kb4 f5 64. gxf5 Qxf5 65. Kc4 Qc2+ 66. Kd4 Qf2+ 67. Kd3 Qf1+ 68. Kc3 Qf6+ 69. Kc4 Qf1+ 70. Kc5 Qg1+ 71. Kc6 Qg6+ 72. Kd5 h5 73. Kd4 Qf6+ 74. Ke3 Qc3+ 75. Kf2 Qd4+ 76. Kf3 Qd1+ 77. Ke3 Qg1+ 78. Ke2 Qg4+ 79. Kd3 {½-½ (79) Tasc R40 v2.50 Phoenix (2401)-MCGE ARM Cortex M7 300 MHz (2405) Wien 2023 [kutzi]}) 3. e3 Nf6 (3... d6 4. Bb5 Bd7 5. Nf3 e4 6. Nd4 Qg5 7. g3 Nf6 8. d3 a6 9. Bxc6 bxc6 10. Nd2 Bg4 11. Ne2 exd3 12. cxd3 Qd5 13. f3 Bxf3 14. Rf1 Bxe2 15. Qxe2 Be7 16. e4 Qe6 17. Rc1 c5 18. d4 d5 19. Rf5 cxd4 20. Bxd4 dxe4 21. Re5 Qd6 22. Rc4 O-O-O 23. Rec5 Nd5 24. Rc6 Qd7 25. Rxa6 e3 26. Bxe3 Qb5 27. Ra8+ Kb7 28. a4 Qd7 29. Ra7+ Kb8 30. Qf3 Rhe8 31. Kf2 Qe6 32. Rcxc7 Qxe3+ 33. Qxe3 Nxe3 34. Rcb7+ Kc8 35. Rxe7 Rxe7 36. Rxe7 Rxd2+ 37. Kxe3 Rxh2 38. b4 Rb2 39. b5 Rb3+ 40. Kf2 Rb2+ 41. Kf3 Rb4 42. Ra7 g5 43. g4 Kb8 44. Ra6 Kc7 45. Kg3 Rb3+ 46. Kf2 Rb4 47. Kf3 Kb7 48. Kg3 Rb3+ 49. Kf2 Rb4 50. Ke3 Rxg4 51. a5 Ra4 52. Kf3 h5 53. Rb6+ Kc7 54. Rc6+ Kb8 55. Rb6+ Kc8 56. a6 h4 57. Rh6 g4+ 58. Kf2 Ra2+ 59. Ke3 Ra3+ 60. Kf4 Ra4+ 61. Ke5 g3 62. Kd6 Rd4+ 63. Kc6 Rc4+ 64. Kd6 Kb8 65. b6 Rc8 66. Rxh4 Rg8 67. Kc6 Rg6+ {½-½ (67) Tasc R40 v2.50 Phoenix (2401)-MCGE ARM Cortex M7 300 MHz (2405) Wien 2023 [kutzi]}) 4. Bb5 Bd6 5. Na3 {Buchende} e4 6. Nc4 {Buchbewertung Tasc R40 V 2.5: -0,29} Be7 {Buchende} 7. d3 O-O {Buchbewertung MCGE: +0,06 / lt. Komodo ist die Stellung ausgeglichen} 8. dxe4 Nxe4 9. Ne2 Bb4+ 10. c3 Qf6 11. O-O Nxc3 12. Bxc3 Bxc3 13. Rc1 Bb4 14. Nf4 Bc5 15. Qd5 Be7 16. Qh5 $2 {ein schwacher Zug, danach steht Schwarz klar besser, Komodo +1,00 mit der Fortsetzung Dg5, deutlich besser ist Dd2 und Schwarz ist trotz des Mehrbauern nur mit ca. +0,40 im Vorteil} g6 {schwächer als Dg5, Komodo +0,70} 17. Qd1 Qg5 18. Nd5 Bd8 19. f4 Qf5 {besser ist Dh6, nach dem Textzug ist Schwarz nur noch hauchdünn im Vorteil mit ca. +0,20} 20. Qf3 $2 {ein schwacher Zug, danach ist Schwarz wieder klar im Vorteil, Komodo -1,20 mit der Fortsetzung De6, deutlich besser ist Sa3} a6 {klar schwächer als De6, Komodo +0,70} 21. e4 Qe6 $4 {ein ganz schlechter Zug, der die Vorzeichen bereits umkehrt, danach steht Weiss bereits etwas besser, Komodo -0,30 (büsst eine ganze Bauerneinheit ein), die Dame muss nach h5} 22. f5 $1 Qe8 23. Bxc6 dxc6 24. Nf4 {etwas besser ist Sde3, die Stellung ist im Lot, Komodo 0,00} Bf6 25. Ne2 Qe7 26. Rcd1 Kh8 27. Ng3 Kg7 28. Kh1 Kg8 $4 {ein ganz schlechter Zug, danach steht Schwarz bereits auf verlorenem Posten, Komodo -1,50 mit der Fortsetzung e5, nötig war Lg5 mit Ausgleich} ({Leptir 130223-avx2:} 28... Bg5 29. h3 Kg8 30. f6 Qb4 31. a3 Qb5 32. Ne2 Bh6 33. e5 Re8 34. Nd4 Qc5 35. Rfe1 Bf8 36. Qg3 Be6 37. Nxe6 Rxe6 38. Rd7 Rae8 39. Qh4 h6 40. b4 Qb5 41. Rxc7 Qd5 42. Rxb7 c5 43. Rc7 cxb4 44. axb4 {[%eval 41,27]}) 29. e5 $1 {Tasc R40 ergreift sofort die Chance.} Bg5 {etwas mehr Widerstand leistet noch Lxe5, aber auch danach steht Schwarz schon ganz schlecht mit -1,50, nach dem Textzug ist die Partie bereits klar verloren, Komodo -2,00, für diesen Zug nimmt sich MCGE ganze 18 Minuten !! Bedenkzeit und bewertet das dann noch mit +0,79, eigentlich unfassbar schwach} 30. f6 $1 {beim Tasc R40 sitzt jeder Zug, obwohl er selbst hier noch keinen grossen Vorteil erkennt, nur +0,20} Qb4 $2 {MCGE hat einfach keine Ahnung von dieser Partie und ist hier mit wahrer Blindheit geschlagen, ein grottenschlechter Zug, den er noch mit +0,95 ??? bewertet, danach ist alles vorbei, Komodo -3,20, deutlich besser ist not De6, Tasc R40 hatte den richtigen Zug vorgeschlagen.} 31. Ne4 $1 {alles richtig, Tasc R40: +0,94} Bh6 {man fasst es einfach nicht: MCGE: +1,01 ????} 32. a3 $1 {passt alles} Qb5 33. Qg3 $1 {der Tasc R40 spielt einfach perfekt, neuerlich der beste Zug !!} Re8 34. Rd3 $2 {aber jetzt verpatzt sich Tasc R40 V 2.5 alles, der Textzug ist um ganze 4 Bauerneinheiten !!! schlechter als der sofortige Gewinnzug Sg5, unglaublich aber das verschenkt auf einen Schlag den gesamten Vorteil, Komodo 0,00 !!} Be6 35. Qh4 Bf8 36. Ng5 $2 {Tg3 !! gefolgt von h6, Txg6 !! hätte das Remis gesichert, nach dem Textzug steht Schwarz bereits besser, Komodo -0,80} h6 37. Nxe6 Rxe6 38. Rfd1 a5 $2 {auch nicht gerade das Gelbe vom Ei, verspielt den gesamten Vorteil, die Stellung ist wieder im Lot, Komodo 0,00, deutlich besser ist c5} 39. a4 $2 {und nun verpatzt sich der Tasc R40 V 2.5 auch noch das Remis, nach dem Textzug ist die Parie verloren, Komodo -2,20 mit der Fortsetzung Dc5, den Augleich hätte h3 gebracht} Qb4 {etwas schwächer als Dc5, aber auch nach dem Textzug steht Schwarz klar auf Gewinn, Komodo +1,70} 40. Qg3 b5 41. axb5 $2 {ein schlechter Zug, der die Lage noch verschlimmert, büsst 1,5 Bauerneinheiten ! ein, Komodo -3,00, deutlich besser ist Sd2} cxb5 42. Nd2 a4 43. Qe3 axb3 $2 {weit schwächer als a3, verspielt eine ganze Bauerneinheit, Komodo +2,00} 44. Nxb3 $2 {aber leider völlig falsch, danach ist wohl das Schicksal besiegelt, Komodo -4,00, nötig ist natürlich Txb3} Rae8 45. Rd8 Qg4 46. R1d5 $2 {ist hier schon egal, aber deutlich mehr Widerstand leistet noch h3, Komodo -6,00} Rxf6 $2 {ein schlechter Zug, der ganze 2 Bauerneinheiten !! einbüsst, aber Schwarz kann es sich hier schon leisten, Komodo +4,00, deutlich besser ist Txe5} 47. Kg1 Qc4 48. Qc1 Qxc1+ $2 {ein schlechter Zug, deutlich besser ist Txd8 mit ca. +4,00, aber der Textzug ist nicht unverständlich Schwarz vereinfacht die Stellung und tauscht einfach ab, es bleiben ihm dann 2 Mehrbauern, die noch dazu geschlossene Freibauern sind, das sollte klar gewonnen sein an dieser Stelle, Komodo +3,00} 49. Nxc1 Rxd8 50. Rxd8 Rc6 51. Nb3 {besser ist noch Sd3, rettet aber Weiss auch nicht mehr} b4 52. Kf2 Rc2+ 53. Nd2 Kg7 54. Ke2 Be7 55. Kd1 Rc5 56. Rc8 Bg5 57. Nf3 Be3 58. Rb8 Rc1+ 59. Ke2 Bb6 60. Nd2 Rc3 61. Rd8 Re3+ 62. Kd1 Rxe5 {Rest geschenkt / eine wahrlich unnötige Niederlage für Tasc R40 V 2.5} 0-1

[Event "Turnier 40 / 120"]
[Site "Wien"]
[Date "2023.??.??"]
[Round "10"]
[White "ChessGenius Exclusive 300 MHz"]
[Black "Tasc R40 V2.50 Phoenix"]
[Result "1-0"]
[WhiteElo "2405"]
[BlackElo "2401"]
[Annotator "Christian"]
[PlyCount "96"]
[EventDate "2023.??.??"]

{[%evp 0,96,21,23,23,20,16,5,50,-5,-13,-28,-20,-17,-10,-10,-5,-9,-17,-73,-8,6,18,10,5,13,10,-3,15,42,42,50,46,66,64,81,79,76,88,64,74,90,100,97,97,101,91,71,124,138,150,152,152,142,146,152,159,157,150,150,151,132,184,167,167,196,231,231,253,267,274,274,284,295,314,331,343,336,358,343,365,352,390,383,318,324,330,322,351,307,308,361,433,441,707,732,732,720,720]} 1. d4 d5 {Runde 10: Damenbauernspiel, Colle System / In dieser Runde hat Tasc R40 V 2.5 wenig zu bestellen, im Endspiel hat MCGE ganze 5 Bauern gegen einen Läufer, das ist natürlich einfach zu viel. Endstand Staffel 1 : 6,5 : 3,5 für MCGE 300 MHZ} 2. Nf3 Nf6 {Buchende / diese Eröffnung gab es auch gegen Tasc R30 V 2.5} 3. e3 c5 {Buchbewertung Tasc R40 V 2.5: -0,25, Tasc R40 spielt gleich im 1. berechneten Zug etwas anderes als Tasc R30, der zog damals 3. e6} 4. Nbd2 e6 5. Bd3 {Buchende} c4 6. Be2 {Buchbewertung MCGE: -0,12 / lt. Komodo ist die Stellung etwa gleich} Be7 7. b3 c3 8. Nb1 Qa5 9. Ne5 $2 {ein schwacher Zug, danach steht Schwarz bereits klar besser, er hat die Möglichkeit seinen C-Bauern einzuzementieren mit dem Vorstoss b5 kann der B-Bauer zur Hilfe kommen und Weiss erheblich bei der Entwicklung behindern, deutlich besser ist Dd3 sogar mit leichtem Vorteil für Weiss, Komodo -0,80, der Textzug büsst also eine ganze Bauerneinheit ein} ({Leptir 130223-avx2:} 9. Qd3 O-O 10. O-O Bb4 11. a3 Bd7 12. axb4 Qxa1 13. Nxc3 Rc8 14. Bd2 Qb2 15. Rb1 Qa3 16. Be1 Na6 17. b5 Nc7 18. b4 a6 19. Rb3 Qa1 20. Rb1 {[%eval 0,34]}) 9... Nbd7 $2 {auch nicht gerade das Gelbe vom Ei, nach dem Textzug ist die Stellung wieder im Lot} 10. Qd3 Bb4 11. Qb5 Qxb5 12. Bxb5 O-O 13. a3 Bd6 $2 {ein schwacher Zug, danach steht Weiss klar besser, Komodo +1,20 mit der Fortsetzung f4, deutlich besser ist La5 mit Ausgleich} 14. f4 $1 {MCGE: +0,81 / stark} a6 15. Bd3 b5 16. Nxc3 Bb7 17. Bd2 Rfd8 18. O-O Rac8 19. Ne2 Ne4 {besser ist Sb8, nach dem Textzug ist Weiss bereits klar im Vorteil, Komodo +1,60 mit der Fortsetzung La5} 20. Ba5 Bc7 21. Bxc7 Rxc7 22. Nxd7 Rdxd7 23. a4 b4 {alles andere als ideal, deutlich besser ist noch Sd6, nach dem Textzug ist die Partie bereits verloren, Komodo -2,50} 24. a5 Rd8 25. Ra4 Nc3 26. Nxc3 bxc3 27. Rb4 Ra8 28. Rb6 h6 29. Rf3 Ra7 30. Rg3 g6 31. Bxg6 $2 {ein ganz schlechter Zug, der den Vorteil von Weiss halbiert, Komodo +1,30, deutlich stärker ist f5 mit +2,60} fxg6 32. Rxg6+ Rg7 $2 {ein Verlustzug, der den Nachteil von Schwarz mehr als verdoppelt, danach ist die Partie schlicht und ergreifend verloren, Komodo -3,50, nötig war Kf8} 33. Rgxe6 Ra8 34. Kf2 h5 35. Rh6 Re8 36. Rxh5 Rf8 37. g4 {MCGE: +3,29 / Komodo +5,50} Re8 {Tasc R40: -1,70, ist noch viel zu optimistisch} 38. Re5 Rf8 39. h4 Bc8 40. g5 Bf5 41. Rxd5 $2 {besser ist Tc6, allerdings meine ich diese Bauernfront ist einfach nicht mehr aufzuhalten} Rc7 42. Rxf5 Rxf5 43. b4 Rb5 44. Rxb5 {MCGE: +4,23 / Komodo +14,00} axb5 {Tasc R40 hat wohl etwas zu tief ins Glas geschaut: Bewertung: -0,57 ???} 45. h5 {MCGE: +4,65} Rc4 {Tasc R40 V 2.5: -0,35 ???} 46. d5 {MCGE: +4,87} Rxb4 {also, dass Turmendspiele die grosse Schwäche des Tasc sind, ist ja schon hinreichend bekannt, die hier gezeigten Bewertungen sind aber ehrlich gesagt einfach nur noch grotesk, da zieht es einem die Schuhe aus: BEWERTUNG: +0,18 !!!!} 47. d6 {MCGE: +6,21} Rb2 {Tasc R40: +0,24 !!} 48. a6 Rxc2+ {man hätte es schon viel früher beenden können, der einzige Grund, warum ich es noch fortführte war, dass ich wissen wollte, wann beim Tasc R40 endlich der Groschen fällt, hier ist es jetzt so weit: Bewertung: -6,81 / Userentscheid: 1-0} 1-0

[Event "Turnier 40 / 120"]
[Site "Wien"]
[Date "2023.??.??"]
[Round "11"]
[White "Tasc R40 V2.50 Phoenix"]
[Black "ChessGenius Exclusive 300 MHz"]
[Result "1-0"]
[WhiteElo "2401"]
[BlackElo "2405"]
[Annotator "Christian"]
[PlyCount "101"]
[EventDate "2023.??.??"]

{[%evp 0,101,21,21,74,28,40,22,53,37,37,29,29,28,31,19,19,26,19,19,25,19,19,26,26,26,44,32,32,-13,-8,-22,-23,-27,-10,-25,-30,-2,-9,-27,34,-4,2,0,0,0,0,-1,-17,-23,0,-21,30,16,16,-10,0,-11,-22,-2,-27,-27,110,118,121,117,76,92,112,112,112,125,130,135,135,128,148,168,200,176,197,197,243,179,221,144,150,145,145,164,142,249,252,249,249,258,258,258,255,259,259,273,273,269]} {Runde 11: Damenbauernspiel / Eine indiskutable Leistung von MCGE 300 MHZ in dieser Partie wird zurecht bestraft, obwohl Tasc R40 auch nicht die optimale Fortsetzung spielt, aber nach dem man muss es so sagen einfach hirnrissigen Zug 30. Sh8 ???, bei dem ich mehrmals hinschauen musste, um das zu glauben, lässt sich der MCGE den Springer im Eck einsperren und spielt ab diesem Zeitpunkt praktisch mit einer Figur weniger, man muss in diesem Fall sagen, Gott sei Dank wurde das bestraft ! Eine hochverdiente Auftaktniederlage zu Beginn der 2. Staffel für MCGE, diese Partie kann man nur als abgeschenkt einstufen. Stand: 6,5 : 4,5 für MCGE 300 MHZ (59,09 %)} 1. d4 {Buchende, unglaublich Tasc R40 fliegt schon wieder nach dem 1. Zug aus dem Buch, also da kann man sich nur noch wundern} c6 2. Bf4 {Buchbewertung Tasc R40 V 2.5: +0,48} Nf6 {Buchende, MCGE folgt ihm gleich nach im 2. Zug} 3. Nd2 d5 {Buchbewertung MCGE: -0,20, lt. Komodo steht Weiss eine Nuance besser mit ca. +0,20} 4. e3 Bf5 5. Bd3 Bxd3 6. cxd3 Nbd7 7. Qb3 Qb6 8. Ngf3 e6 9. O-O Be7 10. Rfc1 O-O 11. h3 Nh5 12. Bh2 f5 13. Qxb6 axb6 14. g4 fxg4 15. hxg4 Nhf6 16. g5 Nh5 17. a3 Rf5 18. e4 Rf7 19. Re1 Re8 20. exd5 {die Stellung ist im Lot, Komodo 0,00} exd5 21. Re3 Nf8 22. Rae1 Ng6 23. Ne5 Nxe5 24. Rxe5 Kf8 25. R5e3 Nf4 26. Nf3 Ng6 27. Bc7 b5 28. Bd6 Ra8 29. Bxe7+ Rxe7 30. Ne5 Nh8 $2 {also man sagt ja Springer am Rand is a Schand, aber im Eck, das ist ja wohl das letzte, dieser induskutable Zug verliert praktisch schon die Partie, Komodo -1,80 mit der mehr als logischen Fortsetzung g6, die der MCGE völlig übersieht, er rechnet mit der schwachen Fortsetzung f4 ??, also ich muss sagen das ist einfach letztklassig, da kann man nur hoffen, dass dies bestraft wird, einfach GROTTENSCHLECHT, nach diesem Zug hätte ich wirklich gute Lust und würde den Stecker ziehen und hier eine Strafwertung zu Gunsten von Weiss vornehmen.} ({Leptir 130223-avx2:} 30... Nxe5 31. dxe5 Ra4 32. Kg2 Rg4+ 33. Rg3 Rd4 34. Rh3 g6 35. b4 Ke8 36. Ree3 Rf7 37. e6 Rg7 38. Rhf3 Rg4+ 39. Rg3 Rh4 40. Rh3 {[%eval 0,37]}) 31. g6 $1 {na sonnenklar und wie soll der Springer jetzt noch aus dem Eck kommen ?? einfach hirnrissig, nach h6 folgt natürlich f4, f5 usw. und der Springer kommt nie wieder ins Spiel !!!, die Partie ist verloren !!!} h6 $2 {MCGE: +0,62 ??? also da fehlen einem echt die Worte, und auch das ist nochmals grottenschlecht, besser ist noch Tc7, nach dem Textzug ist bereits klar, der Springer wird nie wieder ins Spiel eingreifen, Komodo -2,50} 32. f4 $1 {natürlich und das war es bereits} Kg8 33. f5 $1 {ein Selbstläufer, und was nun ?, für den Rest der Partie erspare ich mir die weitere Kommentierung, es sei denn der R40 vergurkt das noch irgendwie, nach so einem Zug bleiben einem einfach die Worte weg !!!} Rf8 34. Rf3 Ree8 35. Kg2 Rd8 36. Rff1 Rd6 37. Ng4 $2 {ein ganz schlechter Zug, der den Vorteil von Weiss halbiert, hier könnte Schwarz noch mit Sxg6 2 Bauern für den kümmerlichen Springer bekommen, natürlich verliert auch das, Komodo -2,50, andere Fortsetzungen bewertet aber Komodo bereits mit +4,50, aber natürlich wird MCGE NICHT Sxg6 spielen, das ist auch sonnenklar} Rd7 $4 38. Re6 Rc7 39. Ne5 Ra8 40. Kg3 Rd8 41. f6 gxf6 42. Rexf6 $2 {ein schlechter Zug, der ganze 2 Bauerneinheiten !! einbüsst, dennoch gewinnt auch das noch leicht, Komodo +3,00, T1xf6 hätte Komodo bereits mit +5,00 bewertet} Kg7 43. Kg4 Ra8 44. Kh5 Re8 45. Rd6 Rce7 $2 {um ganze 2 Bauerneinheiten schlechter als c5, Komodo -5,00} 46. Ng4 Re2 47. Nxh6 Rh2+ 48. Kg5 Rg2+ 49. Ng4 Re7 50. Kf5 Rxg4 51. Kxg4 {Rest geschenkt / eine indiskutable Leistung von MCGE, die einem Gerät dieser Kategorie einfach unwürdig ist, wurde man muss sagen in diesem Fall, Gott sei Dank folgerichtig bestraft.} 1-0

[Event "Turnier 40 / 120"]
[Site "Wien"]
[Date "2023.??.??"]
[Round "12"]
[White "ChessGenius Exclusive 300 MHz"]
[Black "Tasc R40 V2.50 Phoenix"]
[Result "1/2-1/2"]
[WhiteElo "2405"]
[BlackElo "2401"]
[Annotator "Christian"]
[PlyCount "157"]
[EventDate "2023.??.??"]

{[%evp 0,157,21,18,69,74,57,59,73,26,11,10,28,29,23,25,9,22,38,5,24,21,35,11,12,-4,1,-29,-18,-18,-11,-33,0,19,20,-8,-16,-11,27,0,27,35,39,43,29,22,26,22,56,3,50,51,50,47,43,50,43,68,41,53,70,82,84,71,87,73,80,73,91,94,100,81,101,88,92,70,60,77,75,41,61,58,79,55,55,46,67,48,49,42,32,28,42,40,37,23,24,36,6,3,0,0,0,-22,0,3,0,3,18,3,3,0,0,0,0,-16,-28,-15,-15,-16,-8,-4,-13,-46,-23,-23,-23,-35,-35,-31,-31,-30,-9,0,-4,-33,0,0,41,-42,-39,-49,-48,-44,-26,-34,0,-35,-28,-31,-27,-27,-24,-24,-26,-14,-17,-17,-20,-20]} 1. e4 c6 {Runde 12: Caro Cann, Vorstossvariante / Im Mittelspiel Vorteile für den MCGE, der es jedoch verabsäumt, den Vorteil entsprechend auszubauen, mit Fortdauer kann Tasc R40 V 2.5 Ausgleich erlangen, im ausgeglichenen Endspiel passiert dann nichts mehr und es endet mit Remis. Stand: 7,0 : 5,0 für MCGE 300 MHZ (58,33 %)} 2. d4 d5 3. e5 Bf5 4. c4 e6 5. Nc3 dxc4 6. Bxc4 Nd7 7. Nge2 Ne7 8. O-O Nb6 {Buchende} 9. Bb3 {Buchende} h6 {Buchbewertung Tasc R40 V 2.5: -0,69} 10. Ng3 {Buchbewertung MCGE: +0,25 / lt. Komodo steht Weiss knapp besser mit ca. +0,40} Bg6 11. Be3 Ned5 12. Qf3 Be7 13. Nxd5 Nxd5 14. Rac1 O-O 15. Ne4 f6 16. Rfe1 fxe5 17. Qg3 Kh7 18. Qxe5 Qb8 19. Qxb8 Raxb8 20. Nc5 Bxc5 21. dxc5 e5 22. Bd2 e4 23. h3 Rbd8 24. Rcd1 b6 {nicht ideal besser ist Lh5, Komodo -0,70} 25. cxb6 axb6 26. a3 Kh8 27. Bc1 Rfe8 28. Rd4 Kh7 29. Bd2 Kh8 $4 {also das ist einfach planlos, danach steht Weiss bereits klar besser, Komodo -1,30 mit der Fortsetzung Lxd5, deutlich besser ist e3, mit ca. -0,70, Lxd5 ist aber auch alles andere als selbstverständlich danach sind ungleiche Läufer am Brett, also dass Weiss da so klar besser steht muss man auch erst mal abzuckern, aber es wird wohl stimmen, auch Stockfish 15 sieht es so und der bewertet das bereits mit über +2,00} ({Leptir 130223-avx2:} 29... Nf6 30. Rxd8 Rxd8 31. Bc3 c5 32. a4 Rd7 33. Kh2 Ra7 34. Rd1 Be8 35. Bc2 Kg8 36. Bxf6 gxf6 37. Rd6 Kg7 38. Rxb6 f5 39. Kg3 Bxa4 40. Bxa4 Rxa4 41. Kf4 Ra7 42. g3 Rd7 43. Kxf5 Rf7+ 44. Kxe4 Rxf2 45. Kd5 Rf3 46. Kxc5 Rxg3 47. h4 Rh3 48. Rb4 h5 49. Rd4 Rb3 50. Rd2 Rh3 51. b4 Rxh4 52. b5 Rh1 53. Rb2 Kg6 54. b6 Rc1+ 55. Kd6 Rd1+ 56. Kc6 {[%eval 80,35]}) 30. Rc1 {schwächer als Lxd5, Weiss bleibt aber im Vorteil mit ca. +0,80} Bf7 31. Ba4 b5 32. Bc2 Bg6 33. Bb3 Bf7 34. Rc5 Bg8 35. Bc2 Ne7 36. Rxd8 Rxd8 37. Ba5 Ra8 38. Bb4 Bd5 39. h4 Rd8 40. g4 {die Stellung ist im Lot} Ng8 41. g5 Ne7 42. gxh6 gxh6 43. h5 Kg7 44. Bc3+ Kf7 45. Kf1 Ra8 46. Bd1 Ke6 47. Bd2 Nf5 48. Bf4 Rg8 49. b4 Bc4+ 50. Be2 Bd5 51. Bd2 Ke5 52. Bd1 Rf8 53. Kg1 Rd8 54. Bc1 Rg8+ 55. Kh2 Ke6 56. Bf4 Kf6 57. Rc1 e3 58. fxe3 Rg2+ 59. Kh3 Rg1 60. e4 Rh1+ 61. Kg2 Bxe4+ 62. Kf2 Rh3 63. Ra1 Rh4 64. Bc7 Rh1 65. Bd8+ Ne7 66. Ke3 Bd5 67. Kd2 Rh2+ 68. Kc3 Be6 69. Rc1 Kf7 70. Bxe7 Kxe7 71. Rc2 Rh4 72. Re2 Rh3+ 73. Kb2 Rg3 74. a4 bxa4 75. Bxa4 Kd6 76. Rf2 Rg4 77. Rf6 Rxb4+ 78. Ka3 c5 79. Rxh6 {Userentscheid: Remis} 1/2-1/2